ANNE OF AVONLEA / (Record no. 177773)
[ view plain ]
| 000 -LEADER | |
|---|---|
| fixed length control field | 01771nam a2200361 ia4500 |
| 003 - CONTROL NUMBER IDENTIFIER | |
| control field | OSt |
| 005 - DATE AND TIME OF LATEST TRANSACTION | |
| control field | 20200623100618.0 |
| 008 - FIXED-LENGTH DATA ELEMENTS--GENERAL INFORMATION | |
| fixed length control field | 200622t19092018-uk j 000 1 eng d |
| 020 ## - INTERNATIONAL STANDARD BOOK NUMBER | |
| Terms of availability | RM530.95 |
| Qualifying information | set |
| International Standard Book Number | 9781782264446 |
| Terms of availability | RM66.36 |
| Qualifying information | paperback |
| 040 ## - CATALOGING SOURCE | |
| Original cataloging agency | PPAK |
| Language of cataloging | eng |
| Transcribing agency | PPAK |
| Description conventions | rda |
| 082 04 - DEWEY DECIMAL CLASSIFICATION NUMBER | |
| Edition number | 23 |
| Classification number | 813.52 |
| 090 00 - LOCALLY ASSIGNED LC-TYPE CALL NUMBER (OCLC); LOCAL CALL NUMBER (RLIN) | |
| Classification number (OCLC) (R) ; Classification number, CALL (RLIN) (NR) | 813.52 |
| Feature heading | MON |
| Feature heading | K |
| 100 1# - MAIN ENTRY--PERSONAL NAME | |
| Personal name | Montgomery, L. M., |
| Dates associated with a name | 1874-1942. |
| Relator term | author. |
| Fuller form of name | (Lucy Maud), |
| 245 10 - TITLE STATEMENT | |
| Title | ANNE OF AVONLEA / |
| Statement of responsibility, etc. | L. M. Montgomey ; Cover Design and Illustrations Elena Distefano |
| 264 #1 - PRODUCTION, PUBLICATION, DISTRIBUTION, MANUFACTURE, AND COPYRIGHT NOTICE | |
| Place of production, publication, distribution, manufacture | Leicester, United Kingdom : |
| Name of producer, publisher, distributor, manufacturer | Sweet Cherry Publishing, |
| Date of production, publication, distribution, manufacture, or copyright notice | 2018 |
| Date of production, publication, distribution, manufacture, or copyright notice | ©1909 |
| 300 ## - PHYSICAL DESCRIPTION | |
| Extent | 336 pages : |
| Dimensions | 20 cm |
| 336 ## - CONTENT TYPE | |
| Source | rdacontent |
| Content type term | text |
| 337 ## - MEDIA TYPE | |
| Source | rdamedia |
| Media type term | unmediated |
| 338 ## - CARRIER TYPE | |
| Source | rdacarrier |
| Carrier type term | volume |
| 490 1# - SERIES STATEMENT | |
| Series statement | Anne Of Green Gables ; |
| Volume/sequential designation | 2 |
| 500 ## - GENERAL NOTE | |
| General note | First published in 1909 |
| 520 ## - SUMMARY, ETC. | |
| Summary, etc. | It's been five years since Anne came to Green Gables and she's quite grown-uppish now. True she's more interested in writing about love than falling in it, and her nose still has seven freckles. But as the new teacher at her old school, she's left her days of breaking slates and walking ridgepoles behind. She's determined not to get into any more trouble. Then again, one can't get over the habit of being a little girl all at once ... Part of the Anne of Green Gables Complete Collection by L. M. Montgomery. A tale of literature's most famous redhead and her colourful imagination. |
| 600 10 - SUBJECT ADDED ENTRY--PERSONAL NAME | |
| Personal name | Shirley, Anne, |
| Titles and other words associated with a name | (Fictitious character) |
| Form subdivision | Juvenile fiction |
| 650 10 - SUBJECT ADDED ENTRY--TOPICAL TERM | |
| Topical term or geographic name entry element | Orphans |
| Form subdivision | Juvenile fiction |
| Topical term or geographic name entry element | Prince Edward Island |
| Form subdivision | Juvenile fiction |
| 655 7# - INDEX TERM--GENRE/FORM | |
| Genre/form data or focus term | Children's stories |
| Genre/form data or focus term | Fiction |
| 700 1# - ADDED ENTRY--PERSONAL NAME | |
| Personal name | Distefano, Elena, |
| Relator term | illustrator. |
| 830 #0 - SERIES ADDED ENTRY--UNIFORM TITLE | |
| Uniform title | Anne of Green Gables ; |
| Number of part/section of a work | 2 |
| 942 ## - ADDED ENTRY ELEMENTS (KOHA) | |
| Source of classification or shelving scheme | Dewey Decimal Classification |
| Koha item type | Book |
| Withdrawn | Not for loan | Current library | Shelving location | Date acquired | Total Checkouts | Full call number | Barcode | Date last seen | Date last checked out | Koha item type |
|---|---|---|---|---|---|---|---|---|---|---|
| Perpustakaan Alor Setar | Pinjaman Kanak-kanak | 04/08/2020 | 5 | K 813.52 MON | A01645373 | 26/02/2026 | 14/02/2026 | Book |